[Event "Akureyri Icelandic op"]
[Site "Akureyri"]
[Date "2019.06.01"]
[Round "9"]
[White "Pinto, Mark A"]
[Black "Leosson, Atli Johann"]
[Result "1-0"]
[WhiteElo "2082"]
[BlackElo "1790"]
[PlyCount "101"]
[EventDate "2019.05.25"]
[EventType "swiss"]
[EventRounds "9"]
[EventCountry "ISL"]
[SourceTitle "CBM 190 Extra"]
[Source "ChessBase"]
[SourceDate "2019.07.15"]
[SourceVersion "1"]
[SourceVersionDate "2019.07.15"]
[SourceQuality "1"]

1. d4 d5 2. Bf4 c5 3. e3 Nf6 4. c3 Nc6 5. Nd2 Bf5 6. Ngf3 Qb6 7. Nh4 Bg6 8. Nxg6 hxg6 9. Qb3 c4 10. Qc2 Nh5 11. Be5 Nf6 12. Bg3 Nh5 13. Be5 Nf6 14. Nf3 e6 15. h3 Ne4 16. Be2 f6 17. Bh2 Kf7 18. 0-0 Bd6 19. Bxc4 Bxh2+ 20. Nxh2 Ng5 21. Bd3 f5 22. f4 Nxh3+ 23. gxh3 Rxh3 24. Rf3 Rh6 25. Raf1 Rah8 26. R1f2 Qd8 27. Rg2 Qh4 28. Qf2 Qd8 29. Qg3 Qa5 30. a3 Ne7 31. Qe1 Ng8 32. Rf1 Nf6 33. Qg3 Qb6 34. Rb1 a6 35. b4 Qc6 36. Rb3 Qa4 37. Bc2 Qb5 38. Rb1 Qc4 39. Qe1 Qc8 40. Qe2 Qxc3 41. b5 a5 42. Qd3 Qc8 43. Qd2 b6 44. Rc1 Qb8 45. Bd3 Ne8 46. Rc6 Qd8 47. Nf3 Rh1+ 48. Kf2 Nd6 49. Qc3 Rd1 50. Ng5+ Kg8 51. Rxd6 1-0

[Event "Akureyri Icelandic op"]
[Site "Akureyri"]
[Date "2019.05.30"]
[Round "7"]
[White "Pinto, Mark A"]
[Black "Johannsson, Birkir Isak"]
[Result "1/2-1/2"]
[WhiteElo "2082"]
[BlackElo "1981"]
[PlyCount "88"]
[EventDate "2019.05.25"]
[EventType "swiss"]
[EventRounds "9"]
[EventCountry "ISL"]
[SourceTitle "CBM 190 Extra"]
[Source "ChessBase"]
[SourceDate "2019.07.15"]
[SourceVersion "1"]
[SourceVersionDate "2019.07.15"]
[SourceQuality "1"]

1. d4 d5 2. Bf4 c5 3. e3 Nc6 4. c3 Nf6 5. Nd2 Bf5 6. Ngf3 Qb6 7. Qb3 c4 8. Qxb6 axb6 9. a3 b5 10. Rc1 h6 11. h3 e6 12. Ne5 Be7 13. Be2 Ne4 14. Nxe4 Bxe4 15. 0-0 Nxe5 16. Bxe5 f6 17. Bg3 Kd7 18. f3 Bf5 19. Rfe1 g5 20. Bf1 Bg6 21. e4 Rae8 22. Rcd1 Bd8 23. Kf2 h5 24. Ra1 h4 25. Bh2 Bc7 26. Bxc7 Kxc7 27. exd5 exd5 28. Rxe8 Rxe8 29. Re1 Rxe1 30. Kxe1 f5 31. f4 g4 32. g3 hxg3 33. Bg2 Kd6 34. Kf1 Bh5 35. Kg1 Ke6 36. h4 Bf7 37. Bf1 Kf6 38. Kg2 Kg6 39. Kxg3 Kh5 40. Be2 Be6 41. Bd1 Bd7 42. Bc2 Kg6 43. b3 Kh5 44. Bd1 Kg6 1/2-1/2

[Event "Akureyri Icelandic op"]
[Site "Akureyri"]
[Date "2019.05.27"]
[Round "4"]
[White "Jonsson, Stefan G"]
[Black "Pinto, Mark A"]
[Result "0-1"]
[WhiteElo "1568"]
[BlackElo "2082"]
[PlyCount "44"]
[EventDate "2019.05.25"]
[EventType "swiss"]
[EventRounds "9"]
[EventCountry "ISL"]
[SourceTitle "CBM 190 Extra"]
[Source "ChessBase"]
[SourceDate "2019.07.15"]
[SourceVersion "1"]
[SourceVersionDate "2019.07.15"]
[SourceQuality "1"]

1. e4 c5 2. Nf3 d6 3. d4 cxd4 4. Nxd4 Nf6 5. Nc3 a6 6. f4 e5 7. Nb3 Nbd7 8. Qf3 Be7 9. Be3 0-0 10. 0-0-0 Qc7 11. h3 exf4 12. Bxf4 Ne5 13. Qe2 Be6 14. Nd5 Bxd5 15. exd5 Rac8 16. Bxe5 dxe5 17. g4 a5 18. g5 Nh5 19. Rg1 Nf4 20. Qe4 a4 21. Nd2 a3 22. Qc4 Qb6 0-1

[Event "US Open-117"]
[Site "Indianapolis"]
[Date "2016.08.04"]
[Round "6"]
[White "Mulyar, Michael A"]
[Black "Pinto, Mark A"]
[Result "1-0"]
[WhiteElo "2381"]
[BlackElo "2092"]
[PlyCount "63"]
[EventDate "2016.07.30"]
[EventType "swiss"]
[EventRounds "9"]
[EventCountry "USA"]
[SourceTitle "CBM 173 Extra"]
[Source "ChessBase"]
[SourceDate "2016.08.29"]
[SourceVersion "1"]
[SourceVersionDate "2016.08.29"]
[SourceQuality "1"]

1. d4 d5 2. c4 Nc6 3. Nc3 dxc4 4. Nf3 Bg4 5. d5 Bxf3 6. gxf3 Na5 7. Qa4+ c6 8. Bd2 Nf6 9. 0-0-0 e6 10. dxe6 fxe6 11. Ne4 Nxe4 12. fxe4 b5 13. Qxa5 Qxa5 14. Bxa5 Bc5 15. Bh3 Ke7 16. f3 b4 17. Kb1 Rhc8 18. Rc1 c3 19. bxc3 Be3 20. Rc2 Rab8 21. cxb4 c5 22. Rd1 Rc6 23. Rc3 Bf4 24. Kc2 Be5 25. Rxc5 Rxc5+ 26. bxc5 Rb2+ 27. Kd3 Rxa2 28. Bc3 Ra3 29. Rc1 Bxh2 30. Kc4 Ra2 31. Rb1 Rxe2 32. Rb7+ 1-0

[Event "Las Vegas National op"]
[Site "Las Vegas"]
[Date "2016.06.24"]
[Round "1"]
[White "Tarjan, James Edward"]
[Black "Pinto, Mark A"]
[Result "1-0"]
[WhiteElo "2455"]
[BlackElo "2092"]
[PlyCount "24"]
[EventDate "2016.06.24"]
[EventType "swiss"]
[EventRounds "6"]
[EventCountry "USA"]
[SourceTitle "CBM 173 Extra"]
[Source "ChessBase"]
[SourceDate "2016.08.29"]
[SourceVersion "1"]
[SourceVersionDate "2016.08.29"]
[SourceQuality "1"]

1. c4 c5 2. Nc3 Nc6 3. a3 Nf6 4. Rb1 d6 5. d3 Nd7 6. Bd2 h6 7. Nf3 Rb8 8. Qc1 Nd4 9. Nxd4 cxd4 10. Nb5 a6 11. Na7 b5 12. Nc6 e5 1-0

[Event "USA-chT Amateur West"]
[Site "Irvine"]
[Date "2015.02.15"]
[Round "3"]
[White "Hilby, Craig"]
[Black "Pinto, Mark A"]
[Result "1-0"]
[WhiteElo "2210"]
[BlackElo "2092"]
[PlyCount "73"]
[EventDate "2015.02.14"]
[EventType "team-swiss"]
[EventRounds "6"]
[EventCountry "USA"]
[SourceTitle "EXT 2018"]
[Source "ChessBase"]
[SourceDate "2017.10.13"]
[SourceVersion "1"]
[SourceVersionDate "2017.10.13"]
[SourceQuality "1"]

1. e4 c5 2. Nf3 d6 3. d4 cxd4 4. Nxd4 Nf6 5. Nc3 a6 6. Be3 e5 7. Nf3 Be7 8. Bc4 0-0 9. 0-0 Be6 10. Bxe6 fxe6 11. Na4 Nxe4 12. Nb6 Nc6 13. Nxa8 Qxa8 14. c4 Qe8 15. Qd3 Rxf3 16. Qxe4 Rf5 17. Rfd1 Qf7 18. Rab1 h5 19. b4 Bf8 20. b5 axb5 21. Rxb5 g5 22. h3 Qg7 23. c5 dxc5 24. Rdb1 Rf7 25. Bxc5 Bxc5 26. Rxc5 Rf4 27. Qe3 g4 28. h4 Rf5 29. Rcb5 Qe7 30. Rxb7 Qxh4 31. Rc7 Nd8 32. Rb8 Rf8 33. Rcc8 e4 34. Qd2 e3 35. Qxe3 e5 36. Qd2 g3 37. fxg3 1-0

[Event "US Open-113"]
[Site "Vancouver"]
[Date "2012.08.09"]
[Round "6"]
[White "Mulyar, Michael A"]
[Black "Pinto, Mark A"]
[Result "1-0"]
[WhiteElo "2378"]
[BlackElo "2102"]
[PlyCount "77"]
[EventDate "2012.08.04"]
[EventType "swiss"]
[EventRounds "9"]
[EventCountry "USA"]
[SourceTitle "CBM 149 Extra"]
[Source "ChessBase"]
[SourceDate "2012.08.24"]
[SourceVersion "1"]
[SourceVersionDate "2012.08.24"]
[SourceQuality "1"]

1. c4 b6 2. Nf3 Bb7 3. g3 Nf6 4. Bg2 g6 5. d4 Bg7 6. 0-0 0-0 7. d5 Na6 8. Nc3 Nc5 9. Be3 a5 10. Qc2 Ng4 11. Bd2 d6 12. h3 Ne5 13. Nxe5 Bxe5 14. e4 Ba6 15. b3 Bg7 16. Rad1 e5 17. dxe6 fxe6 18. Be3 Bb7 19. Nb5 Qe7 20. a3 e5 21. b4 Ne6 22. Rd2 axb4 23. axb4 Ba6 24. h4 Bxb5 25. cxb5 Nd4 26. Qc4+ Qf7 27. Qxf7+ Rxf7 28. Bxd4 exd4 29. e5 Re8 30. exd6 Rd8 31. Bd5 Rxd6 32. Bxf7+ Kxf7 33. Rc1 Rd7 34. Rdc2 Be5 35. f4 Bd6 36. Rc4 Ke6 37. Rd1 d3 38. Kf2 d2 39. Rxd2 1-0

[Event "USA tt"]
[Site "ICC INT"]
[Date "2006.10.04"]
[Round "6"]
[White "Privman, Boris"]
[Black "Pinto, Mark A"]
[Result "0-1"]
[WhiteElo "2295"]
[BlackElo "2130"]
[PlyCount "108"]
[EventDate "2006.08.30"]
[EventType "team"]
[EventRounds "10"]
[EventCountry "USA"]
[SourceTitle "CBM 114 Extra"]
[Source "ChessBase"]
[SourceDate "2006.11.03"]
[SourceVersion "1"]
[SourceVersionDate "2006.11.03"]
[SourceQuality "1"]
[WhiteTeam "New York Knights"]
[BlackTeam "San Francisco"]
[WhiteTeamCountry "USA"]
[BlackTeamCountry "USA"]

1. d4 Nf6 2. c4 e6 3. Nf3 b6 4. g3 Ba6 5. Qa4 Bb7 6. Bg2 Be7 7. 0-0 0-0 8. Nc3 c5 9. Rd1 cxd4 10. Nxd4 Bxg2 11. Kxg2 Qc8 12. e4 Qb7 13. f3 a6 14. Be3 d6 15. Rd2 Rc8 16. Qb3 Nbd7 17. Na4 Rab8 18. Qd3 Ne5 19. Qe2 Nxc4 20. Rd3 d5 21. exd5 Nxe3+ 22. Qxe3 Nxd5 23. Qe2 Bf6 24. Rad1 b5 25. Nc3 Nxc3 26. bxc3 h6 27. Qe4 Qxe4 28. fxe4 Rc4 29. Re1 Rbc8 30. e5 Bg5 31. h4 Bd8 32. Red1 Ba5 33. Nf3 Rxc3 34. Rxc3 Bxc3 35. Rd6 a5 36. Rb6 Rc5 37. Ra6 a4 38. Ra8+ Kh7 39. Ra7 Bxe5 40. Rxf7 Bf6 41. g4 Rc2+ 42. Kg3 Rxa2 43. g5 hxg5 44. hxg5 Kg6 45. Rb7 Bxg5 46. Rxb5 Bf6 47. Ra5 a3 48. Ne1 Re2 49. Rxa3 Rxe1 50. Kf2 Ra1 51. Rb3 e5 52. Rf3 e4 53. Rf4 e3+ 54. Ke2 Ra2+ 0-1

[Event "San Francisco MI"]
[Site "San Francisco"]
[Date "2004.??.??"]
[Round "10"]
[White "Langreck, John"]
[Black "Pinto, Mark A"]
[Result "1-0"]
[WhiteElo "2195"]
[BlackElo "2103"]
[PlyCount "43"]
[EventDate "2004.07.21"]
[EventType "tourn"]
[EventRounds "11"]
[EventCountry "USA"]
[SourceTitle "EXT 2006"]
[Source "ChessBase"]
[SourceDate "2005.11.24"]
[SourceVersion "1"]
[SourceVersionDate "2005.11.24"]
[SourceQuality "1"]

1. e4 c6 2. d4 d5 3. e5 Bf5 4. Nf3 e6 5. Be2 c5 6. Be3 cxd4 7. Nxd4 Bg6 8. 0-0 Ne7 9. c4 Nbc6 10. Qa4 a6 11. Nxc6 Nxc6 12. cxd5 Qxd5 13. Bf3 Qb5 14. Qxb5 axb5 15. Nc3 Nxe5 16. Bxb7 Rb8 17. Ba6 Bd3 18. Rfd1 Bc4 19. Ba7 Ra8 20. Bxb5+ Bxb5 21. Nxb5 Ke7 22. Rac1 1-0

[Event "San Francisco MI"]
[Site "San Francisco"]
[Date "2004.??.??"]
[Round "4"]
[White "Pinto, Mark A"]
[Black "Wang, Drake"]
[Result "0-1"]
[WhiteElo "2103"]
[BlackElo "2000"]
[PlyCount "36"]
[EventDate "2004.07.21"]
[EventType "tourn"]
[EventRounds "11"]
[EventCountry "USA"]
[SourceTitle "EXT 2006"]
[Source "ChessBase"]
[SourceDate "2005.11.24"]
[SourceVersion "1"]
[SourceVersionDate "2005.11.24"]
[SourceQuality "1"]

1. e4 e6 2. d4 d5 3. Nc3 Bb4 4. e5 c5 5. Bd2 Ne7 6. Nb5 Bxd2+ 7. Qxd2 0-0 8. f4 Nbc6 9. Nf3 Nxd4 10. Nbxd4 cxd4 11. Nxd4 Nc6 12. c3 f6 13. Bd3 fxe5 14. Nxc6 bxc6 15. fxe5 Qb6 16. Qe2 a5 17. Rf1 Rxf1+ 18. Kxf1 Ba6 0-1

[Event "San Francisco March Masters 2nd"]
[Site "San Francisco"]
[Date "2003.04.04"]
[Round "6"]
[White "Pinto, Mark A"]
[Black "Margulis, Igor"]
[Result "1/2-1/2"]
[WhiteElo "2090"]
[BlackElo "2227"]
[PlyCount "31"]
[EventDate "2003.03.24"]
[EventType "tourn"]
[EventRounds "6"]
[EventCountry "USA"]
[SourceTitle "CBM 093 Extra"]
[Source "ChessBase"]
[SourceDate "2003.05.09"]
[SourceVersion "1"]
[SourceVersionDate "2003.05.09"]
[SourceQuality "1"]

1. d4 d6 2. g3 g6 3. Bg2 Bg7 4. Nf3 Nf6 5. 0-0 0-0 6. c4 Nbd7 7. Nc3 e5 8. e3 Re8 9. b3 a6 10. Bb2 Rb8 11. a4 exd4 12. exd4 Nf8 13. Qd2 Bf5 14. Ne1 Ne4 15. Nxe4 Bxe4 16. d5 1/2-1/2

[Event "San Francisco March Masters"]
[Site "San Francisco"]
[Date "2003.03.06"]
[Round "4"]
[White "Shipman, Walter"]
[Black "Pinto, Mark A"]
[Result "1/2-1/2"]
[WhiteElo "2233"]
[BlackElo "2090"]
[PlyCount "55"]
[EventDate "2003.03.01"]
[EventType "tourn"]
[EventRounds "5"]
[EventCountry "USA"]
[SourceTitle "CBM 093 Extra"]
[Source "ChessBase"]
[SourceDate "2003.05.09"]
[SourceVersion "1"]
[SourceVersionDate "2003.05.09"]
[SourceQuality "1"]

1. d4 g6 2. e4 c6 3. Nf3 d5 4. Nbd2 Bg7 5. h3 Nf6 6. e5 Ne4 7. Nxe4 dxe4 8. Ng5 c5 9. Bc4 0-0 10. c3 cxd4 11. cxd4 Nc6 12. Be3 Qa5+ 13. Bd2 Qb6 14. Bc3 Bf5 15. g4 Be6 16. Bxe6 fxe6 17. Qb3 Nxe5 18. Qxb6 Nd3+ 19. Ke2 Nf4+ 20. Ke3 axb6 21. Nxe4 Nd5+ 22. Ke2 Ra4 23. Kd3 Rf3+ 24. Ke2 Rf4 25. f3 Bxd4 26. Bxd4 Rxd4 27. Rac1 Ra4 28. a3 1/2-1/2

[Event "San Francisco March Masters"]
[Site "San Francisco"]
[Date "2003.03.03"]
[Round "1"]
[White "Pinto, Mark A"]
[Black "Thornally, Frank"]
[Result "0-1"]
[WhiteElo "2090"]
[BlackElo "2280"]
[PlyCount "60"]
[EventDate "2003.03.01"]
[EventType "tourn"]
[EventRounds "5"]
[EventCountry "USA"]
[SourceTitle "CBM 093 Extra"]
[Source "ChessBase"]
[SourceDate "2003.05.09"]
[SourceVersion "1"]
[SourceVersionDate "2003.05.09"]
[SourceQuality "1"]

1. e4 e5 2. Nf3 Nc6 3. d4 exd4 4. Bc4 Nf6 5. e5 Ne4 6. Bd5 Nc5 7. Nbd2 Nb4 8. Bb3 d3 9. 0-0 Nxb3 10. cxb3 d5 11. exd6 Bxd6 12. Nc4 Be7 13. Bd2 0-0 14. Bc3 c5 15. Bxb4 cxb4 16. Nfe5 Bf6 17. Nxd3 b5 18. Ne3 a5 19. Qf3 Ra7 20. Rfd1 Rd7 21. Nc5 Rxd1+ 22. Rxd1 Qc7 23. Nd3 Bb7 24. Qf5 Bd4 25. Nd5 Qc2 26. Ne7+ Kh8 27. Rf1 Bf6 28. Qd7 Be4 29. Nf4 Qc5 30. Re1 Bxe7 0-1

[Event "San Francisco schev"]
[Site "San Francisco"]
[Date "2002.??.??"]
[Round "?"]
[White "Chan, R."]
[Black "Pinto, Mark A"]
[Result "0-1"]
[WhiteElo "2000"]
[BlackElo "2092"]
[PlyCount "44"]
[EventDate "2002.06.23"]
[EventType "schev"]
[EventRounds "10"]
[EventCountry "USA"]
[SourceTitle "EXT 2007"]
[Source "ChessBase"]
[SourceDate "2006.11.23"]
[SourceVersion "1"]
[SourceVersionDate "2006.11.23"]
[SourceQuality "1"]

1. e4 c5 2. Nc3 Nc6 3. g3 g6 4. Bg2 Bg7 5. d3 e6 6. Be3 d6 7. Qd2 Qa5 8. f4 Nge7 9. Nge2 Nd4 10. g4 f5 11. h3 Bd7 12. exf5 gxf5 13. Ng3 Bc6 14. Nh5 Rg8 15. Nxg7+ Rxg7 16. g5 Bxg2 17. Qxg2 Nd5 18. Bd2 Nxc2+ 19. Ke2 Nd4+ 20. Kf2 0-0-0 21. Kg3 Qa6 22. Qf1 Nb4 0-1

[Event "San Francisco schev"]
[Site "San Francisco"]
[Date "2002.??.??"]
[Round "?"]
[White "Nambiar, Vivek"]
[Black "Pinto, Mark A"]
[Result "0-1"]
[WhiteElo "2203"]
[BlackElo "2092"]
[PlyCount "122"]
[EventDate "2002.06.23"]
[EventType "schev"]
[EventRounds "10"]
[EventCountry "USA"]
[SourceTitle "EXT 2007"]
[Source "ChessBase"]
[SourceDate "2006.11.23"]
[SourceVersion "1"]
[SourceVersionDate "2006.11.23"]
[SourceQuality "1"]

1. Nf3 c5 2. c4 Nf6 3. Nc3 g6 4. g3 Bg7 5. Bg2 0-0 6. d4 cxd4 7. Nxd4 Nc6 8. 0-0 Qb6 9. Nc2 d6 10. Rb1 Be6 11. Nd5 Qd8 12. Nce3 Rc8 13. b4 b6 14. Bb2 Ne5 15. Bxe5 dxe5 16. Qa4 Nxd5 17. cxd5 Bd7 18. b5 a5 19. Rfc1 Bh6 20. Rxc8 Qxc8 21. Qe4 Qc3 22. Ng4 Bg7 23. Ne3 f5 24. Qd3 Qc5 25. d6 e6 26. Qc4 Rc8 27. Qxc5 Rxc5 28. a4 e4 29. Rd1 Bh6 30. g4 Bxe3 31. fxe3 Kf7 32. Kf2 Kf6 33. h4 Ke5 34. h5 Rd5 35. hxg6 hxg6 36. Rh1 Rxd6 37. g5 Kd5 38. Rc1 e5 39. Rc7 Ke6 40. Ke1 Ke7 41. Rc4 Rd5 42. Rc7 Kd6 43. Rc2 Rc5 44. Kd2 Be6 45. Rxc5 Kxc5 46. Kc3 Bd5 47. Bh3 Bc4 48. Bf1 Kd5 49. Kc2 Kd6 50. Kb2 f4 51. exf4 exf4 52. Kc3 Kc5 53. Bg2 Bd5 54. Bf1 Be6 55. Bg2 Kd5 56. Bf1 Ke5 57. Bg2 Bg4 58. Bf1 Kd5 59. Kc2 Kd4 60. Kd2 Bf5 61. Bg2 Kc4 0-1

[Event "San Francisco schev"]
[Site "San Francisco"]
[Date "2002.??.??"]
[Round "?"]
[White "Pinto, Mark A"]
[Black "Setzepfandt, Alexander"]
[Result "1/2-1/2"]
[WhiteElo "2092"]
[BlackElo "2000"]
[PlyCount "64"]
[EventDate "2002.06.23"]
[EventType "schev"]
[EventRounds "10"]
[EventCountry "USA"]
[SourceTitle "EXT 2007"]
[Source "ChessBase"]
[SourceDate "2006.11.23"]
[SourceVersion "1"]
[SourceVersionDate "2006.11.23"]
[SourceQuality "1"]

1. e4 c5 2. Nc3 e6 3. g3 a6 4. Bg2 b5 5. e5 Nc6 6. f4 Bb7 7. Nf3 d5 8. exd6 Bxd6 9. Ne4 Nf6 10. d3 Nxe4 11. dxe4 Bc7 12. Be3 Bb6 13. c3 Qc7 14. 0-0 0-0 15. Qe2 c4 16. Rad1 Bxe3+ 17. Qxe3 Rad8 18. e5 Ne7 19. Nd4 Bxg2 20. Kxg2 Nc6 21. Nxc6 Qxc6+ 22. Qf3 Qb6 23. Rf2 Rxd1 24. Qxd1 Rd8 25. Rd2 Rxd2+ 26. Qxd2 Qc7 27. Qd4 Qc6+ 28. Kf2 g6 29. g4 Qh1 30. Qd8+ Kg7 31. Qf6+ Kg8 32. Qd8+ Kg7 1/2-1/2